[Event "40th World Junior Girls"]
[Site "Gandhinagar IND"]
[Date "2024.06.09"]
[Round "7.24"]
[White "Jesumarian, Rebecca"]
[Black "Kirtadze, Anastasia"]
[Result "0-1"]
[BlackTitle "WFM"]
[WhiteElo "1866"]
[BlackElo "2142"]
[WhiteFideId "35094831"]
[BlackFideId "13622714"]
[EventDate "2024.06.02"]

1. e4 c5 2. Nf3 e6 3. d4 cxd4 4. Nxd4 Nf6 5. Nc3 Nc6 6. Ndb5 Bc5 7. Nd6+ Ke7 8.
Bf4 e5 9. Nf5+ Kf8 10. Bg5 d6 11. Bc4 Be6 12. Bxe6 fxe6 13. Ne3 h6 14. Bxf6 Qxf6
15. O-O Kg8 16. Ne2 Kh7 17. Ng3 Rhf8 18. c3 Qg5 19. Qe2 a5 20. Rad1 Rf7 21. Rd3
Raf8 22. Nd1 b5 23. Qh5 Qe7 24. Ne2 Rf6 25. Ne3 Rg6 26. Ng4 Rg5 27. Qh3 Qe8 28.
Rf3 Ne7 29. Kh1 Ng6 30. Ne3 Nf4 31. Nxf4 exf4 32. Nc2 Qg6 33. g3 Qxe4 34. Ne1
Bxf2 35. Rxf2 fxg3 36. hxg3 Qxe1+ 37. Kg2 Qe4 38. Qh1 Rgf5 39. Qd1 Rxf3 40. Rxf3
Kg6 41. b3 Rxf3 42. Qxf3 Qxf3+ 43. Kxf3 d5 44. Kf4 Kf6 45. b4 e5+ 46. Ke3 a4 47.
Kf3 g5 48. a3 h5 49. Ke3 Kf5 50. Kf3 e4+ 51. Ke3 0-1

[Event "40th World Junior Girls"]
[Site "Gandhinagar IND"]
[Date "2024.06.09"]
[Round "7.25"]
[White "Bhat Sannidhi Ramakrishna"]
[Black "Barwinska, Ewa"]
[Result "1-0"]
[BlackTitle "WFM"]
[WhiteElo "1842"]
[BlackElo "2106"]
[WhiteFideId "25792695"]
[BlackFideId "21833761"]
[EventDate "2024.06.02"]

1. d4 Nf6 2. Nf3 g6 3. Bg5 Bg7 4. Nbd2 O-O 5. c3 d6 6. e4 c5 7. dxc5 dxc5 8. Be2
Nc6 9. O-O Qc7 10. Qc2 h6 11. Be3 b6 12. h3 Bb7 13. Rfd1 Rfd8 14. a4 Rac8 15.
Bf1 Na5 16. b3 Nh5 17. Rac1 e6 18. Qb1 Nc6 19. Qc2 Ne5 20. Nxe5 Qxe5 21. Nc4 Qc7
22. Be2 Nf6 23. Bf3 Rxd1+ 24. Rxd1 Rd8 25. Re1 Nd7 26. Rd1 Nf6 27. Re1 Kh7 28.
e5 Nd5 29. Bc1 Ba6 30. Nd6 Nxc3 31. Nxf7 Qxf7 32. Qxc3 Bb7 33. Bd1 Be4 34. Bg4
Qb7 35. Qe3 Bf5 36. Be2 Rd4 37. Bb2 Rd8 38. Bc4 h5 39. Qg5 Rd7 40. Bb5 Rf7 41.
Rd1 Bc2 42. Rd6 Qe4 43. Bc3 Bh6 44. Qd8 Qf4 45. Rd2 Bxb3 46. Be8 Rg7 47. Rd3 Bg5
48. Qc8 Bd5 49. Bd2 Qf5 50. Bb5 Bxd2 51. Rxd2 Qg5 52. f4 Qxf4 53. Rf2 Qxe5 54.
Rf8 Rc7 55. Qb8 Qg7 56. Bd3 Rf7 57. Bxg6+ Kxg6 58. Rg8 Kh7 59. Rxg7+ Rxg7 60.
Qe8 Rxg2+ 61. Kf1 Kh6 62. Qe7 Rg7 63. Qf6+ Kh7 64. Qe5 Kg6 65. Qg3+ Kf6 66. Qf4+
Ke7 67. Qc7+ Kf8 68. Qb8+ Kf7 69. Qxa7+ Kf6 70. Qxb6 Bg2+ 71. Kf2 Bxh3 72. Qxc5
Bf5 73. Qd4+ Kg6 74. a5 Rf7 75. Ke1 e5 76. Qxe5 Rf6 77. Qg3+ Bg4 78. a6 Re6+ 79.
Kd2 Re2+ 80. Kc3 Re7 81. Qd6+ Re6 82. Qd3+ Bf5 83. Qb5 Be4 84. Kd4 h4 85. Qf1 h3
86. Qxh3 Rxa6 87. Kxe4 Ra4+ 88. Kd5 Ra5+ 89. Kc4 Ra4+ 90. Kb5 Rf4 91. Qg3+ Kf5
92. Kc5 Re4 93. Kd5 Rg4 94. Qf3+ Kg5 95. Ke5 Kh4 96. Qf2+ Kh3 97. Qf3+ Kh4 98.
Qe3 Rg3 99. Qf2 Kg4 100. Ke4 Kh3 101. Qe2 Rg4+ 102. Kf3 Rg3+ 103. Kf4 Kh4 104.
Qf2 1-0

[Event "40th World Junior Girls"]
[Site "Gandhinagar IND"]
[Date "2024.06.09"]
[Round "7.27"]
[White "Rzali, Sabina"]
[Black "Akshaya Sathi"]
[Result "1-0"]
[WhiteTitle "WCM"]
[WhiteElo "2073"]
[BlackElo "1833"]
[WhiteFideId "13410920"]
[BlackFideId "25130340"]
[EventDate "2024.06.02"]

1. e4 e5 2. Nf3 Nc6 3. Bb5 a6 4. Ba4 Bc5 5. c3 Nge7 6. d3 O-O 7. O-O d6 8. h3 h6
9. d4 Ba7 10. d5 Nb8 11. c4 Nd7 12. Bc2 Ng6 13. Nc3 Nf6 14. Kh2 Qe7 15. Ng1 Bd7
16. Qe2 Nh7 17. Be3 Ng5 18. Bxa7 Rxa7 19. Qe3 Raa8 20. Nge2 f5 21. exf5 Bxf5 22.
Ba4 Bxh3 23. f4 Bxg2 24. Kxg2 Nh4+ 25. Kh2 Nf5 26. Qf2 exf4 27. Nxf4 Ne3 28. Rg1
Qe5 29. Ne2 Nxc4 30. Qg3 Nd2 31. Rg2 Qxb2 32. Rd1 Nde4 33. Qg4 Qe5 34. Bd7 Nf6
35. Be6+ Nxe6 36. Qxe6+ Kh7 37. Qxe5 dxe5 38. Ne6 Rf7 39. Nc3 Re8 40. Nc5 Rb8
41. Rb1 b6 42. Nxa6 Ra8 43. Nb4 h5 44. Nb5 Rd8 45. Nc3 Ng4+ 46. Kg1 Kh6 47. Re1
Ra8 48. Nc6 Re8 49. Rge2 Rf5 50. Nb5 Rc8 51. Ne7 Rff8 52. Nxc8 Rxc8 53. Rc1 h4
54. Rxc7 Rf8 55. d6 h3 56. d7 h2+ 57. Rxh2+ Nxh2 58. Rc8 Nf3+ 59. Kf2 Rf4 60.
d8=Q Nd4+ 61. Ke3 Rf3+ 62. Ke4 Rf4+ 63. Kd5 Nxb5 64. Qxb6+ Nd6 65. Qxd6+ Rf6 66.
Qxe5 Kg6 67. Rc6 Rxc6 68. Kxc6 Kh6 69. a4 1-0

[Event "40th World Junior Girls"]
[Site "Gandhinagar IND"]
[Date "2024.06.09"]
[Round "7.28"]
[White "Anishka, Vikram"]
[Black "Kriti, Mayur Patel"]
[Result "0-1"]
[WhiteTitle "WCM"]
[BlackTitle "WCM"]
[WhiteElo "2048"]
[BlackElo "1691"]
[WhiteFideId "45013314"]
[BlackFideId "35061780"]
[EventDate "2024.06.02"]

1. d4 d5 2. c4 e6 3. Nc3 Nf6 4. cxd5 exd5 5. Bg5 c6 6. e3 h6 7. Bh4 Be7 8. Bd3
O-O 9. Qc2 Re8 10. Nf3 Ne4 11. Bxe4 Bxh4 12. Bh7+ Kf8 13. g3 Bf6 14. Bf5 Nd7 15.
O-O Nb6 16. Bd3 Bg4 17. Nd2 h5 18. Rfe1 g6 19. Ne2 h4 20. f3 Bd7 21. e4 dxe4 22.
Nxe4 Nd5 23. Qc5+ Be7 24. Qc1 Kg7 25. N2c3 Qb6 26. Ne2 Rac8 27. Nc5 Bh3 28. g4
Bf6 29. a3 Rxe2 30. Rxe2 Bxd4+ 31. Kh1 Bxc5 32. Qg5 Qd8 33. Qe5+ Qf6 34. Qxf6+
Kxf6 35. Rd2 Nf4 36. Bf1 Bxf1 37. Rxf1 Re8 38. b4 Bb6 39. Rd7 h3 40. a4 Nd5 41.
Rxb7 Nxb4 42. a5 Bxa5 43. Rxa7 Bb6 44. Rb7 Nd5 45. Rd7 Bc7 46. Rd1 Re2 47. Kg1
Rg2+ 48. Kh1 Rxh2+ 49. Kg1 Rg2+ 50. Kh1 Re2 51. f4 Ke6 52. R1xd5 Re1+ 53. Kh2
Bxf4+ 54. Kxh3 cxd5 55. Rd8 Re3+ 56. Kg2 Rg3+ 57. Kf2 Rxg4 58. Kf3 Rh4 0-1

[Event "40th World Junior Girls"]
[Site "Gandhinagar IND"]
[Date "2024.06.09"]
[Round "7.29"]
[White "Arya G Mallar"]
[Black "Khairmode Dhanashree"]
[Result "1-0"]
[WhiteElo "1725"]
[BlackElo "1929"]
[WhiteFideId "25115324"]
[BlackFideId "25762184"]
[EventDate "2024.06.02"]

1. c4 e5 2. Nc3 Nf6 3. g3 d5 4. cxd5 Nxd5 5. Bg2 Nb6 6. Nf3 Nc6 7. O-O Be7 8. a3
a5 9. d3 O-O 10. Be3 Be6 11. Rc1 f6 12. Ne4 Nd4 13. Nc5 Bxc5 14. Rxc5 c6 15.
Nxd4 exd4 16. Bd2 Nd7 17. Rc1 Re8 18. b4 axb4 19. axb4 Qe7 20. b5 cxb5 21. Rc7
Qd6 22. Bf4 Ne5 23. Rxb7 Rab8 24. Ra7 b4 25. Qa1 b3 26. Rb1 Rec8 27. Ra6 Rb6 28.
Ra8 Rxa8 29. Qxa8+ Qb8 30. Qxb8+ Rxb8 31. Bc1 Nd7 32. Bb2 Rb4 33. Ra1 Nb6 34.
Bc6 Bd5 35. Bxd5+ Nxd5 36. Re1 Ra4 37. Kg2 Kf7 38. Rc1 Ke6 39. Rc8 Rb4 40. Rc1
Kd7 41. Ra1 Nc3 42. e3 Na4 43. Bxd4 Kc6 44. Rc1+ Kb5 45. Rb1 b2 46. Kf3 Rxd4 47.
exd4 Kb4 48. d5 Kc3 49. d6 Nb6 50. Ke4 g6 51. f4 Kc2 52. Rxb2+ Kxb2 53. Kd4 g5
54. Kc5 Nd7+ 55. Kc6 Nf8 56. f5 Kc3 57. d7 Nxd7 58. Kxd7 Kd4 59. Ke6 h5 60. Kxf6
h4 61. Kxg5 h3 62. f6 Ke3 63. Kh4 1-0

[Event "40th World Junior Girls"]
[Site "Gandhinagar IND"]
[Date "2024.06.09"]
[Round "7.30"]
[White "Chinnam, Vyshnavi"]
[Black "Singgih, Diajeng Theresa"]
[Result "1-0"]
[WhiteTitle "WCM"]
[BlackTitle "WIM"]
[WhiteElo "1830"]
[BlackElo "1918"]
[WhiteFideId "35061690"]
[BlackFideId "7104391"]
[EventDate "2024.06.02"]

1. e4 e5 2. Nf3 Nc6 3. Bb5 a6 4. Ba4 Nf6 5. O-O b5 6. Bb3 Bc5 7. a4 Bb7 8. c3 d6
9. d4 Bb6 10. Re1 O-O 11. Bg5 h6 12. Bh4 exd4 13. cxd4 g5 14. Nxg5 hxg5 15. Bxg5
Nxd4 16. Nd2 Re8 17. Ba2 Ne6 18. Bh4 Kf8 19. Nf3 Ke7 20. Qd2 Rg8 21. a5 Ba7 22.
Rac1 Rg6 23. Bd5 Qc8 24. e5 Kf8 25. exf6 Bxd5 26. Qxd5 Nf4 27. Qe4 Nxg2 28. Ng5
Kg8 29. Rxc7 Bxf2+ 30. Kxf2 Rxf6+ 31. Kxg2 Qxc7 32. Qh7+ 1-0

[Event "40th World Junior Girls"]
[Site "Gandhinagar IND"]
[Date "2024.06.09"]
[Round "7.31"]
[White "Kanishka S"]
[Black "Brito Carrascal, Isabela"]
[Result "1/2-1/2"]
[WhiteElo "1882"]
[BlackElo "1810"]
[WhiteFideId "25731564"]
[BlackFideId "4456122"]
[EventDate "2024.06.02"]

1. c4 e5 2. Nc3 Nf6 3. Nf3 Nc6 4. g3 d5 5. cxd5 Nxd5 6. Bg2 Nb6 7. O-O Be7 8. d3
O-O 9. Be3 Be6 10. a3 f5 11. Rc1 Kh8 12. Na4 Nd5 13. Bc5 Bd6 14. b4 a6 15. Nd2
Rb8 16. Re1 Qd7 17. e4 Nde7 18. d4 exd4 19. Bxd6 cxd6 20. Nb2 Ne5 21. f4 Ng4 22.
Nf3 fxe4 23. Rxe4 Nc6 24. Nxd4 Bd5 25. Re2 Bxg2 26. Kxg2 Rfe8 27. Nxc6 bxc6 28.
Qd3 Rxe2+ 29. Qxe2 Re8 30. Qxa6 Qe6 31. Qd3 Qh6 32. h3 Ne3+ 33. Kh2 Ng4+ 34. Kg2
Ne3+ 35. Kh2 Ng4+ 1/2-1/2

[Event "40th World Junior Girls"]
[Site "Gandhinagar IND"]
[Date "2024.06.09"]
[Round "7.32"]
[White "Drishtee Ghosh"]
[Black "Nagyova, Daniela"]
[Result "0-1"]
[WhiteElo "1700"]
[BlackElo "1958"]
[WhiteFideId "25164074"]
[BlackFideId "390070"]
[EventDate "2024.06.02"]

1. e4 e5 2. Nf3 Nc6 3. Bb5 f5 4. d3 fxe4 5. dxe4 Nf6 6. O-O Bc5 7. Bxc6 bxc6 8.
Nxe5 O-O 9. Nc3 Qe8 10. Nd3 Bb6 11. Re1 d6 12. Na4 Bg4 13. Qd2 Qg6 14. Nf4 Qg5
15. Qd3 Qa5 16. Qb3+ Kh8 17. c3 Bxf2+ 18. Kxf2 Nh5 19. Kg1 Nxf4 20. Bxf4 Rxf4
21. h3 Bxh3 22. Re3 Bd7 23. Rd1 Raf8 24. c4 Qh5 25. Qd3 Rh4 26. Rf3 Rxf3 27.
gxf3 Qg5+ 28. Kf1 Rh1+ 29. Kf2 Rh2+ 30. Kf1 Qg2+ 31. Ke1 Qf2# 0-1

[Event "40th World Junior Girls"]
[Site "Gandhinagar IND"]
[Date "2024.06.09"]
[Round "7.33"]
[White "Rejepova, Jahan"]
[Black "Sherali Pattnaik"]
[Result "1-0"]
[WhiteElo "1816"]
[BlackElo "1955"]
[WhiteFideId "14006480"]
[BlackFideId "25789449"]
[EventDate "2024.06.02"]

1. d4 d5 2. c4 e6 3. Nc3 Nf6 4. cxd5 exd5 5. Bg5 Be7 6. e3 O-O 7. Bd3 c6 8. Nge2
Re8 9. Qc2 Nbd7 10. O-O Nf8 11. f3 g6 12. Kh1 Ne6 13. Bh4 Ng7 14. Rad1 Nfh5 15.
Bf2 Bg5 16. e4 Ne6 17. a3 Nef4 18. Nxf4 Nxf4 19. Be3 Ne6 20. f4 Bh6 21. e5 Ng7
22. Qe2 Qh4 23. Qf2 Qh5 24. Ne2 Bg4 25. Rd2 Re6 26. Kg1 Bf5 27. h3 Kh8 28. Kh2
Rae8 29. Rg1 Bxd3 30. g4 Bxe2 31. gxh5 Nxh5 32. f5 1-0

[Event "40th World Junior Girls"]
[Site "Gandhinagar IND"]
[Date "2024.06.09"]
[Round "7.34"]
[White "Asmita Avijit Ray"]
[Black "Marium, Fatima"]
[Result "0-1"]
[WhiteElo "1692"]
[BlackElo "1905"]
[WhiteFideId "25786911"]
[BlackFideId "45073058"]
[EventDate "2024.06.02"]

1. d4 Nf6 2. c4 e6 3. g3 d5 4. Bg2 a6 5. Nf3 dxc4 6. O-O Nc6 7. Nc3 Rb8 8. e4
Bb4 9. d5 Bxc3 10. bxc3 Ne7 11. dxe6 Bxe6 12. Nd4 c5 13. Nxe6 fxe6 14. Qa4+ b5
15. Qxa6 Kf7 16. Be3 Qc7 17. Rab1 Rb6 18. Qa3 Rc8 19. Rfd1 Ng6 20. h3 Qc6 21.
Qc1 Ne5 22. Bf4 Nd3 23. Qe3 Ra6 24. f3 Rxa2 25. Bf1 Rc2 26. Bxd3 Rxc3 27. Be5
Rxd3 28. Rxd3 cxd3 29. Qxd3 c4 30. Qc3 Rd8 31. Bd4 Qd6 32. e5 Qxd4+ 33. Qxd4
Rxd4 34. exf6 c3 35. Kf2 b4 36. Ke3 c2 37. Rc1 Rc4 38. Kd3 b3 39. Kxc4 b2 0-1

[Event "40th World Junior Girls"]
[Site "Gandhinagar IND"]
[Date "2024.06.09"]
[Round "7.35"]
[White "Radhika Sharma"]
[Black "Shanmathi Sree S"]
[Result "0-1"]
[WhiteElo "1651"]
[BlackElo "1854"]
[WhiteFideId "33398666"]
[BlackFideId "25966413"]
[EventDate "2024.06.02"]

1. Nf3 Nf6 2. d4 g6 3. c4 Bg7 4. g3 O-O 5. Bg2 d6 6. Nc3 Nbd7 7. O-O e5 8. e4 a5
9. h3 b6 10. Re1 Rb8 11. Be3 Bb7 12. Qc2 Ne8 13. Rad1 Qe7 14. Nd5 Bxd5 15. cxd5
f5 16. Bg5 Qf7 17. exf5 gxf5 18. dxe5 dxe5 19. Qc6 e4 20. Nd4 Bxd4 21. Rxd4 Qg7
22. Be3 Nd6 23. Rd2 Ne5 24. Bd4 Qh6 25. Qc2 Nd3 26. Red1 Rf7 27. a3 Rbf8 28. Bf1
Nb5 29. Be3 f4 30. gxf4 Rg7+ 31. Kh2 Qg6 32. f3 Qg3+ 33. Kh1 Qxf3+ 34. Rg2 Qxh3+
35. Rh2 Qxe3 36. d6 Qf3+ 37. Rg2 Nxd6 38. Qxc7 Nf2+ 39. Kg1 Nh3+ 40. Kh1 Rxg2
41. Bxg2 Qxd1+ 42. Kh2 Nxf4 43. Bxe4 Qe2+ 44. Kg1 Nh3+ 45. Kh1 Rf1# 0-1

[Event "40th World Junior Girls"]
[Site "Gandhinagar IND"]
[Date "2024.06.09"]
[Round "7.36"]
[White "Sindhusree K"]
[Black "Divyabharathi, Masanam"]
[Result "0-1"]
[WhiteElo "1846"]
[BlackElo "1821"]
[WhiteFideId "46616411"]
[BlackFideId "45018421"]
[EventDate "2024.06.02"]

1. d4 d5 2. Nf3 Nf6 3. c4 e6 4. Nc3 Be7 5. Bg5 h6 6. Bxf6 Bxf6 7. e3 O-O 8. Qc2
b6 9. h4 g6 10. O-O-O Bb7 11. cxd5 exd5 12. g4 Bg7 13. h5 g5 14. Bd3 Nd7 15. Kb1
Kh8 16. Bf5 a6 17. Qb3 a5 18. Rh3 c6 19. e4 a4 20. Nxa4 dxe4 21. Bxe4 Nf6 22.
Bf5 Nd5 23. Ne5 Qc7 24. Nd7 b5 25. Nac5 Rfe8 26. Bc2 Re2 27. Qd3 Rxc2 28. Qxc2
Bc8 29. Qf5 Ra7 30. Qxf7 Bxd7 31. Re1 Nf6 32. Nxd7 Qxd7 33. Qg6 Qf7 34. Qxf7
Rxf7 35. f3 Nd5 36. Re4 Nb4 37. a3 Nd3 38. Rg3 Rd7 39. Rg2 Nf4 40. Rd2 c5 41.
Re8+ Kh7 42. Rb8 b4 43. axb4 cxd4 44. b5 d3 45. Ka2 Bd4 46. Kb3 Be3 47. Rd1 d2 0-1

[Event "40th World Junior Girls"]
[Site "Gandhinagar IND"]
[Date "2024.06.09"]
[Round "7.37"]
[White "Anushka Gupta"]
[Black "Varshita Jain"]
[Result "1/2-1/2"]
[WhiteElo "1766"]
[BlackElo "1676"]
[WhiteFideId "25660802"]
[BlackFideId "25681907"]
[EventDate "2024.06.02"]

1. e4 e5 2. Bc4 Nf6 3. d3 Bc5 4. Nc3 d6 5. f4 Nc6 6. Nf3 a6 7. f5 Na5 8. a3 Nxc4
9. dxc4 Bd7 10. Bg5 h6 11. Bh4 Bc6 12. Qd3 Qb8 13. b4 Bb6 14. O-O-O Nh5 15. Ne2
Nf6 16. Nc3 Nh5 17. Kb1 Nf4 18. Qf1 Qa7 19. g3 Nh5 20. Qh3 Nf6 21. Rhe1 Bf2 22.
Re2 Bd4 23. Nxd4 exd4 24. Nd5 a5 25. b5 Qc5 26. Bxf6 Qxc4 27. Rd3 gxf6 28. Nxc7+
Kd7 29. Nxa8 Qxb5+ 30. Kc1 Rxa8 31. Qxh6 Re8 32. Qd2 Qc5 33. Rxd4 Qxa3+ 34. Kb1
Re5 35. c4 b5 36. Re3 Qc5 37. Qc3 b4 38. Qa1 a4 39. Re2 b3 40. Rdd2 Kc7 1/2-1/2

[Event "40th World Junior Girls"]
[Site "Gandhinagar IND"]
[Date "2024.06.09"]
[Round "7.38"]
[White "Disha U A"]
[Black "Saniya Rafique Tadavi"]
[Result "0-1"]
[WhiteElo "1660"]
[BlackElo "1754"]
[WhiteFideId "25915622"]
[BlackFideId "25912461"]
[EventDate "2024.06.02"]

1. d4 Nf6 2. Nc3 g6 3. e4 d6 4. f4 Bg7 5. Nf3 O-O 6. e5 dxe5 7. fxe5 Nfd7 8. Ne4
c5 9. c3 cxd4 10. cxd4 Nc6 11. Be2 Qb6 12. Qa4 Rd8 13. Bb5 Ndb8 14. Bd2 Nxd4 15.
Nc3 Nxf3+ 16. gxf3 Bxe5 17. O-O-O Bf5 18. Rhe1 Bf6 19. Be3 Rxd1+ 20. Qxd1 Qc7
21. Qd2 Na6 22. Bf4 Qc5 23. Be3 Bxc3 24. Qxc3 Qxb5 25. Kd2 Rd8+ 26. Bd4 e5 0-1

[Event "40th World Junior Girls"]
[Site "Gandhinagar IND"]
[Date "2024.06.09"]
[Round "7.39"]
[White "Aswinika Mani R"]
[Black "Mishra Riya"]
[Result "1-0"]
[WhiteElo "1751"]
[BlackElo "1654"]
[WhiteFideId "25611518"]
[BlackFideId "35024868"]
[EventDate "2024.06.02"]

1. e4 e5 2. Nf3 Nc6 3. Bc4 Bc5 4. c3 Nf6 5. d3 d6 6. h3 Be6 7. Nbd2 Bb6 8. O-O
Qd7 9. Bb5 a6 10. Ba4 Ba7 11. Re1 b5 12. Bc2 O-O 13. Nf1 h6 14. Ng3 Rfe8 15. d4
exd4 16. cxd4 d5 17. e5 Nh7 18. Qd3 Nf8 19. a3 Ne7 20. Bxh6 gxh6 21. Nh5 Qc6 22.
Qd2 Bf5 23. Nf6+ Kg7 24. Bxf5 Nxf5 25. g4 Ne7 26. Rac1 Qb6 27. Rc3 Rec8 28. Rec1
a5 29. Rc6 Nxc6 30. Rxc6 Qxc6 31. Nh4 Qxf6 32. exf6+ 1-0

[Event "40th World Junior Girls"]
[Site "Gandhinagar IND"]
[Date "2024.06.09"]
[Round "7.40"]
[White "Deepak, Laksshana"]
[Black "Prakash Vaishnavi"]
[Result "1-0"]
[WhiteTitle "WCM"]
[WhiteElo "1727"]
[BlackElo "1632"]
[WhiteFideId "25980548"]
[BlackFideId "46660445"]
[EventDate "2024.06.02"]

1. d4 d5 2. Nf3 e6 3. Bf4 Nf6 4. e3 Bd6 5. Nbd2 O-O 6. Ne5 c5 7. c3 Nc6 8. Bd3
cxd4 9. exd4 Qe7 10. Qf3 Nd7 11. Qh3 f5 12. Ndf3 Bxe5 13. dxe5 Nc5 14. Bc2 Ne4
15. Rg1 Qc5 16. Be3 d4 17. Nxd4 Qxe5 18. O-O-O Nf6 19. g4 fxg4 20. Rxg4 Ne7 21.
Rg5 Nf5 22. Rdg1 Rf7 23. Bb3 h6 24. Rxf5 exf5 25. Qxh6 Ng4 26. Qh5 Qf6 27. Bg5
g6 28. Qxg4 1-0

[Event "40th World Junior Girls"]
[Site "Gandhinagar IND"]
[Date "2024.06.09"]
[Round "7.41"]
[White "Durga Karthika Lellapalli"]
[Black "Kirthika, B"]
[Result "0-1"]
[WhiteElo "1631"]
[BlackElo "1724"]
[WhiteFideId "25130889"]
[BlackFideId "25981323"]
[EventDate "2024.06.02"]

1. e4 c5 2. Nf3 d6 3. d4 cxd4 4. Nxd4 Nf6 5. Nc3 a6 6. Bc4 e6 7. a3 b5 8. Ba2
Be7 9. O-O O-O 10. f4 Bb7 11. f5 e5 12. Nde2 Nbd7 13. Ng3 Qb6+ 14. Kh1 b4 15.
axb4 Qxb4 16. Qf3 a5 17. Bg5 a4 18. Nh5 a3 19. bxa3 Rxa3 20. Bb3 Rxa1 21. Rxa1
Rc8 22. Nxf6+ Nxf6 23. Bxf6 Rxc3 24. Qh5 Rxb3 25. cxb3 Bxf6 0-1

[Event "40th World Junior Girls"]
[Site "Gandhinagar IND"]
[Date "2024.06.09"]
[Round "7.42"]
[White "Zarkym, Ailin"]
[Black "Aditri Shome"]
[Result "1-0"]
[WhiteElo "1721"]
[BlackElo "1620"]
[WhiteFideId "13753207"]
[BlackFideId "25164198"]
[EventDate "2024.06.02"]

1. e4 c6 2. d4 d5 3. Nc3 dxe4 4. Nxe4 Bf5 5. Ng3 Bg6 6. Nf3 Nd7 7. Bd3 Bxd3 8.
Qxd3 e6 9. O-O Qc7 10. Re1 Ngf6 11. c4 O-O-O 12. Qc3 Bd6 13. b4 h6 14. a4 g5 15.
c5 Bf4 16. Bxf4 gxf4 17. Ne4 Nxe4 18. Rxe4 Nf6 19. Ree1 Nd5 20. Qc4 Rhg8 21. b5
Rg7 22. Kh1 Rdg8 23. Rg1 f6 24. Rab1 Qd7 25. a5 cxb5 26. Rxb5 a6 27. c6 bxc6 28.
Rc5 Kc7 29. Qxa6 Kd6 30. Re1 Re8 31. Qc4 Rge7 32. Nh4 Rb8 33. Nf5+ exf5 34.
Rxd5+ Kc7 35. Rxd7+ Rxd7 36. Rc1 1-0

[Event "40th World Junior Girls"]
[Site "Gandhinagar IND"]
[Date "2024.06.09"]
[Round "7.43"]
[White "Pranavasri S"]
[Black "Prasiddhi Bhat"]
[Result "1-0"]
[WhiteElo "1610"]
[BlackElo "1715"]
[WhiteFideId "33406758"]
[BlackFideId "25602217"]
[EventDate "2024.06.02"]

1. e4 d5 2. exd5 Qxd5 3. Nc3 Qa5 4. Bc4 Nf6 5. d3 Bf5 6. Qe2 e6 7. Bd2 c6 8. h3
h5 9. Nf3 Nbd7 10. Nb5 Qb6 11. Nbd4 Bg6 12. Bxe6 O-O-O 13. Bxd7+ Rxd7 14. Nb3
Bd6 15. O-O-O Re8 16. Qf1 Rde7 17. Be3 Qa6 18. Nfd2 Qxa2 19. Nc4 Bb4 20. Bd2
Bxd2+ 21. Nbxd2 Kb8 22. f4 Nd5 23. f5 Bh7 24. Ne4 f6 25. Kd2 Rxe4 26. Ra1 Qxa1
27. Qxa1 Re2+ 28. Kd1 Rxg2 29. Qa3 Rd8 30. Re1 Bxf5 31. Ne3 Nxe3+ 32. Rxe3 Rd7
33. Re8+ Kc7 1-0

[Event "40th World Junior Girls"]
[Site "Gandhinagar IND"]
[Date "2024.06.09"]
[Round "7.44"]
[White "Natura, Bethi"]
[Black "Cumacenko, Saule"]
[Result "1-0"]
[WhiteElo "1697"]
[BlackElo "1595"]
[WhiteFideId "25048864"]
[BlackFideId "12835560"]
[EventDate "2024.06.02"]

1. d4 d5 2. c4 e6 3. Nc3 Nf6 4. cxd5 exd5 5. Bg5 Nbd7 6. e3 Be7 7. Bd3 O-O 8. h3
Re8 9. Nf3 c6 10. O-O Nf8 11. Qc2 g6 12. Ne5 Ne6 13. Bh4 Nd7 14. Bxe7 Qxe7 15.
f4 Ng7 16. Rf3 f6 17. Ng4 Nb6 18. Nh6+ Kf8 19. Bxg6 hxg6 20. Qxg6 Rd8 21. Rg3
Rd7 22. Nf5 Qf7 23. Qh6 Qh5 24. Qxf6+ Qf7 25. Qh6 Qh5 26. Rg6 Qxh6 27. Nxh6 Nc4
28. f5 Nxe3 29. Re1 Rf7 30. Rxe3 Bxf5 31. Rg5 1-0

[Event "40th World Junior Girls"]
[Site "Gandhinagar IND"]
[Date "2024.06.09"]
[Round "7.45"]
[White "Modipalli Deekshitha"]
[Black "Benito De Leo, Estefania"]
[Result "1-0"]
[WhiteElo "1678"]
[BlackElo "1900"]
[WhiteFideId "33389454"]
[BlackFideId "5135311"]
[EventDate "2024.06.02"]

1. d4 Nf6 2. c4 e6 3. Nc3 Bb4 4. Qc2 c5 5. dxc5 O-O 6. a3 Bxc5 7. b4 Be7 8. Nf3
a5 9. Rb1 axb4 10. axb4 Nc6 11. c5 b6 12. b5 Na5 13. cxb6 Bb7 14. Qd3 Rc8 15.
Nd2 d5 16. e3 e5 17. Na4 Qd6 18. Be2 Nd7 19. Bg4 g6 20. Bxd7 Qxd7 21. O-O f5 22.
Bb2 Nc4 23. Nxc4 Rxc4 24. Nc3 Qe6 25. Rfd1 Rd8 26. Ne2 Bf6 27. f4 d4 28. fxe5
Be4 29. Nf4 Qc8 30. Qb3 Bxb1 31. Rxb1 Kh8 32. exf6 g5 33. Nd3 Qe6 34. Bxd4 h6
35. Ne5 Rc1+ 36. Kf2 Qxb3 37. Rxb3 Rc2+ 38. Kf3 1-0

[Event "40th World Junior Girls"]
[Site "Gandhinagar IND"]
[Date "2024.06.09"]
[Round "7.46"]
[White "Sasvatha A"]
[Black "Aashi Upadhyay"]
[Result "1-0"]
[WhiteTitle "WCM"]
[WhiteElo "1825"]
[BlackElo "1653"]
[WhiteFideId "45010862"]
[BlackFideId "25620789"]
[EventDate "2024.06.02"]

1. e4 d5 2. exd5 Nf6 3. d4 Bg4 4. f3 Bf5 5. c4 e6 6. dxe6 Nc6 7. Be3 Bb4+ 8. Nc3
Qe7 9. a3 Qxe6 10. Kf2 Bxc3 11. bxc3 O-O-O 12. d5 Qe5 13. Bd4 Nxd4 14. cxd4 Qd6
15. Ne2 Rhe8 16. Qd2 Bg6 17. Nc3 a6 18. c5 Qe7 19. Bc4 Nh5 20. g3 f5 21. c6 f4
22. Rhe1 fxg3+ 23. hxg3 Qd6 24. f4 Nf6 25. Bxa6 1-0

[Event "40th World Junior Girls"]
[Site "Gandhinagar IND"]
[Date "2024.06.09"]
[Round "7.47"]
[White "Fang, Kun"]
[Black "Hasini, Kamabathula"]
[Result "1-0"]
[WhiteTitle "WCM"]
[WhiteElo "1803"]
[BlackElo "1758"]
[WhiteFideId "5819660"]
[BlackFideId "25712837"]
[EventDate "2024.06.02"]

1. e4 e5 2. Nf3 Nc6 3. Bb5 a6 4. Ba4 Nf6 5. O-O b5 6. Bb3 Bc5 7. c3 d6 8. d4 Bb6
9. Be3 O-O 10. Nbd2 Bg4 11. h3 Bh5 12. Bg5 Na5 13. g4 Nxb3 14. Qxb3 Bg6 15. Rad1
exd4 16. cxd4 Qc8 17. Bxf6 gxf6 18. d5 h5 19. Nh2 Kh7 20. Qc3 Qd8 21. Rfe1 Qe7
22. Kf1 b4 23. Qxb4 Qe5 24. Ndf3 Qf4 25. Qd2 Qxd2 26. Nxd2 Rfe8 27. f3 Bd4 28.
Nc4 Bc5 29. Re2 a5 30. a3 Reb8 31. f4 hxg4 32. hxg4 Kg7 33. f5 Bh7 34. Rd3 a4
35. Ke1 Rb5 36. Nf1 Rab8 37. Nfd2 Kh6 38. Rh2+ Kg7 39. Kd1 Bb6 40. Re2 Bc5 41.
Nb1 R5b7 42. Nc3 Ra8 43. Rh2 Bb6 44. Nxb6 Rxb6 45. Rd4 Rba6 46. Rc4 1-0